| 000 | 02400nam a22003497a 4500 | ||
|---|---|---|---|
| 008 | 170812s2017 sz||||| |||| 00| 0 fre d | ||
| 020 | _a9782940563166 | ||
| 082 | 0 | 4 |
_a701.03 _bP418p |
| 100 | 1 |
_aPensa, Iolanda. _95905 |
|
| 245 | 1 | 0 |
_aPublic art in Africa : _bart and urban transformations in Douala / _cIolanda Pensa, Marta Pucciarelli, Fiona Siegenthaler, Marilyn Douala Bell, Kamiel Verschuren, Xandra Nibbeling, Lucas Grandin, Asta Adukaite y Maud de la Chapelle. |
| 246 | 2 | 1 |
_aPublic art in Africa : _bart et transformations urbanes à Douala. |
| 250 | _a1a edición. | ||
| 260 |
_aGinebra, Suiza : _bMetisPresses, _c2017. |
||
| 300 |
_a236 páginas : _bilustraciones en color. |
||
| 505 | 0 |
_tForeword _rMarilyn Douala Bell. _tForeword/SUD2017 "A place for the human dimension?" _rCécile Bourne-Farrell. _tIntroduction / The oeuvre in progress: the SUD _rIolanda Pensa. _tDuoal'art 1991-2017. _tThe poestic of the infra-ordinary, the aesthetic of recognition in contemporary African art _rElvira Dyangani Ose. _tSalon Urbain de Douala (SUD) _rSimon Njami. _tDoual'art, pioneers of the encounter between art and street _rMamadou Jean-Charles Tall. _tDoual'art, what`s next? _rBerend van der Lans. _tDoual'art, an agent for public art in Cameroon and in Africa _rMichel Moukouri Edeme. _tEke out art _rChristian Hanussek. _tDoual'art: the importance of beaujolais and equity in intercultural relations and cooperation / _rYves-Jaques Cabasso. _tWhen the imagined city overwhelms the art _rElsa Burzynski. _tThe color of men _rKoko Komégné. _tHumanising the city _rHervé Yamguen. _tThe palaver tree _rFrédéric Keiff. _tThe arches of time, urban signage of the historical sites of the city of Douala _rSandrine Dole. _tDoual'art - Artistic intervention, a vision and a passion for a better world _rPeter Anders. |
|
| 653 | 1 | 0 | _aArte contemporáneo |
| 653 | 1 | 0 | _aArte público |
| 653 | 1 | 0 | _aArte - África |
| 653 | 1 | 0 | _aCatálogo de obras |
| 653 | 1 | 0 | _aArte urbano |
| 653 | 1 | 0 | _aArte y sociedad |
| 653 | 1 | 0 | _aProgramas culturales comunitarios |
| 653 | 1 | 0 | _aUrbanismo |
| 653 | 1 | 0 | _aOrganizaciones artísticas independientes |
| 700 | 1 |
_aPucciarelli, Marta. _95906 |
|
| 700 | 1 |
_aSiegenthaler, Fiona. _95907 |
|
| 700 | 1 |
_aDouala Bell, Marilyn. _95908 |
|
| 700 | 1 |
_aVerschuren, Kamiel. _95909 |
|
| 700 | 1 |
_aGrandin, Lucas. _95910 |
|
| 700 | 1 |
_aAdukaite, Asta. _95911 |
|
| 700 | 1 |
_aChapelle, Maud de la. _95912 |
|
| 999 |
_c1249 _d1249 |
||